000 00189 a2200097 4500
020 _a9780545726610
041 _aeng
100 _ajames Dean
245 _aPete the Cat play Ball
942 _cK
999 _c30459
_d30457